Herby wszystkich powiatów w Polsce - Statystyki

Ogólne statystyki
  • Ten quiz został rozwiązany 45 razy
  • Średni wynik to 91 z 380
Statystyki odpowiedzi
Obrazkowy Odpowiedź % Poprawnych
Warszawa
100%
Łódź
89%
Wrocław
89%
Rzeszów
85%
Katowice
81%
Świnoujście
81%
Górowski
78%
Kielce
78%
Kraków
78%
Toruń
78%
Gdańsk
74%
Gdynia
74%
Jelenia Góra
74%
Poznań
74%
Sokołowski
74%
Bydgoszcz
70%
Jastrzębie-Zdrój
70%
Lublin
70%
Szczecin
70%
Bielsko-Biała
67%
Elbląg
67%
Szczycieński
67%
Zabrze
67%
Gdański
63%
Gliwice
63%
Gorzów Wielkopolski
63%
Konin
63%
Radom
63%
Rybnik
63%
Chorzów
59%
Elbląski
59%
Przemyśl
59%
Sopot
59%
Bytom
56%
Mysłowice
56%
Siedlce
56%
Słupsk
56%
Sosnowiec
56%
Tarnów
56%
Zielona Góra
56%
Białystok
52%
Tychy
52%
Wałbrzych
52%
Zamojski
52%
Zamość
52%
Biała Podlaska
48%
Chełmski
48%
Dąbrowa Górnicza
48%
Grudziądz
48%
Jaworzno
48%
Koszalin
48%
Leszno
48%
Olsztyn
48%
Opole
48%
Tarnobrzeg
48%
Głogowski
44%
Kłodzki
44%
Łomża
44%
Piekary Śląskie
44%
Pucki
44%
Włocławek
44%
Chełm
41%
Częstochowa
41%
Kaliski
41%
Kalisz
41%
Kolski
41%
Piotrków Trybunalski
41%
Płock
41%
Świętochłowice
41%
Gryficki
37%
Kędzierzyńsko-Kozielski
37%
Kłobucki
37%
Kołobrzeski
37%
Legnica
37%
Siemianowice Śląskie
37%
Żory
37%
Bytowski
33%
Garwoliński
33%
Gryfiński
33%
Hajnowski
33%
Łańcucki
33%
Olsztyński
33%
Radomski
33%
Ruda Śląska
33%
Sławieński
33%
Suwałki
33%
Tatrzański
33%
Tomaszowski
33%
Węgorzewski
33%
Cieszyński
30%
Gołdapski
30%
Kartuski
30%
Leszczyński
30%
Lidzbarski
30%
Lubaczowski
30%
Lubiński
30%
Nowy Sącz
30%
Oławski
30%
Poznański
30%
Rzeszowski
30%
Sandomierski
30%
Skierniewice
30%
Słupski
30%
Stargardzki
30%
Starogardzki
30%
Suwalski
30%
Wschowski
30%
Żyrardowski
30%
Białogardzki
26%
Chojnicki
26%
Człuchowski
26%
Hrubieszowski
26%
Kamieński
26%
Koniński
26%
Koszaliński
26%
Krakowski
26%
Krośnieński
26%
Lipnowski
26%
Lwówecki
26%
Malborski
26%
Nyski
26%
Opolski
26%
Ostrołęka
26%
Oświęcimski
26%
Płocki
26%
Radzyński
26%
Ropczycko-Sędziszowski
26%
Sejneński
26%
Sztumski
26%
Warszawski Zachodni
26%
Zgorzelecki
26%
Aleksandrowski
22%
Augustowski
22%
Białostocki
22%
Brzeski
22%
Dzierżoniowski
22%
Giżycki
22%
Golubsko-Dobrzyński
22%
Kraśnicki
22%
Krasnostawski
22%
Kwidzyński
22%
Łódzki Wschodni
22%
Lubański
22%
Lubliniecki
22%
Moniecki
22%
Nidzicki
22%
Nowodworski
22%
Olecki
22%
Oleski
22%
Przasnyski
22%
Puławski
22%
Rawski
22%
Rybnicki
22%
Rycki
22%
Sokólski
22%
Strzelecki
22%
Tarnobrzeski
22%
Wejherowski
22%
Włodawski
22%
Wrocławski
22%
Zambrowski
22%
Zgierski
22%
Złotoryjski
22%
Żniński
22%
Żywiecki
22%
Bartoszycki
19%
Bialski
19%
Braniewski
19%
Brodnicki
19%
Brzozowski
19%
Chrzanowski
19%
Ciechanowski
19%
Gnieźnieński
19%
Gorzowski
19%
Grajewski
19%
Grójecki
19%
Janowski
19%
Kolneński
19%
Kościerski
19%
Krosno
19%
Krotoszyński
19%
Lęborski
19%
Lipski
19%
Łowicki
19%
Lubelski
19%
Mielecki
19%
Mikołowski
19%
Miński
19%
Mrągowski
19%
Oleśnicki
19%
Opoczyński
19%
Ostródzki
19%
Ostrowiecki
19%
Ostrowski
19%
Otwocki
19%
Pilski
19%
Piski
19%
Sanocki
19%
Siemiatycki
19%
Skarżyski
19%
Słubicki
19%
Stalowowolski
19%
Strzeliński
19%
Sulęciński
19%
Szczecinecki
19%
Wadowicki
19%
Wieruszowski
19%
Wodzisławski
19%
Wrzesiński
19%
Żarski
19%
Zduńskowolski
19%
Zwoleński
19%
Białobrzeski
15%
Bocheński
15%
Bydgoski
15%
Częstochowski
15%
Goleniowski
15%
Jasielski
15%
Jędrzejowski
15%
Karkonoski
15%
Kazimierski
15%
Kępiński
15%
Kętrzyński
15%
Konecki
15%
Kozienicki
15%
Łaski
15%
Łęczycki
15%
Legnicki
15%
Leski
15%
Łomżyński
15%
Łukowski
15%
Makowski
15%
Milicki
15%
Nakielski
15%
Namysłowski
15%
Nowomiejski
15%
Nowosądecki
15%
Nowotarski
15%
Ostrołęcki
15%
Ostrzeszowski
15%
Pajęczański
15%
Piotrkowski
15%
Poddębicki
15%
Polkowicki
15%
Raciborski
15%
Rawicki
15%
Skierniewicki
15%
Świdwiński
15%
Świebodziński
15%
Świecki
15%
Szydłowiecki
15%
Tarnowski
15%
Tczewski
15%
Tomaszowski
15%
Toruński
15%
Wąbrzeski
15%
Wieluński
15%
Wyszkowski
15%
Bełchatowski
11%
Bieszczadzki
11%
Biłgorajski
11%
Dębicki
11%
Działdowski
11%
Ełcki
11%
Gorlicki
11%
Grodziski
11%
Iławski
11%
Inowrocławski
11%
Jaworski
11%
Kielecki
11%
Krośnieński
11%
Kutnowski
11%
Miechowski
11%
Myśliborski
11%
Niżański
11%
Opolski
11%
Pabianicki
11%
Parczewski
11%
Pińczowski
11%
Pleszewski
11%
Prudnicki
11%
Przemyski
11%
Pszczyński
11%
Rypiński
11%
Sępoleński
11%
Sieradzki
11%
Słupecki
11%
Średzki
11%
Śremski
11%
Starachowicki
11%
Strzelecko-Drezdenecki
11%
Strzyżowski
11%
Świdnicki
11%
Trzebnicki
11%
Turecki
11%
Wągrowiecki
11%
Włoszczowski
11%
Wołomiński
11%
Wołowski
11%
Wolsztyński
11%
Zielonogórski
11%
Będziński
7%
Bielski
7%
Bieruńsko-Lędziński
7%
Bolesławiecki
7%
Brzeski
7%
Brzeziński
7%
Buski
7%
Choszczeński
7%
Gliwicki
7%
Gostyński
7%
Grudziądzki
7%
Kamiennogórski
7%
Kluczborski
7%
Kolbuszowski
7%
Krapkowicki
7%
Legionowski
7%
Leżajski
7%
Łobeski
7%
Łosicki
7%
Międzyrzecki
7%
Mławski
7%
Myślenicki
7%
Nowodworski
7%
Olkuski
7%
Płoński
7%
Przeworski
7%
Pułtuski
7%
Pyrzycki
7%
Radomszczański
7%
Średzki
7%
Staszowski
7%
Świdnicki
7%
Wałbrzyski
7%
Węgrowski
7%
Wielicki
7%
Wysokomazowiecki
7%
Ząbkowicki
7%
Żagański
7%
Złotowski
7%
Bielski
4%
Chełmiński
4%
Czarnkowsko-Trzcianecki
4%
Dąbrowski
4%
Drawski
4%
Głubczycki
4%
Gostyniński
4%
Jarociński
4%
Jarosławski
4%
Kościański
4%
Łęczyński
4%
Międzychodzki
4%
Mogileński
4%
Myszkowski
4%
Nowosolski
4%
Nowotomyski
4%
Obornicki
4%
Opatowski
4%
Piaseczyński
4%
Policki
4%
Pruszkowski
4%
Przysuski
4%
Sochaczewski
4%
Tarnogórski
4%
Tucholski
4%
Włocławski
4%
Chodzieski
0%
Grodziski
0%
Limanowski
0%
Lubartowski
0%
Ostrowski
0%
Proszowicki
0%
Radziejowski
0%
Siedlecki
0%
Sierpecki
0%
Suski
0%
Szamotulski
0%
Wałecki
0%
Zawierciański
0%
Żuromiński
0%
Nie znaleziono quizów pasujących do podanych kryteriów
Rozkład punktacji
Procent ludzi z każdym wynikiem
Percentyl według liczby udzielonych odpowiedzi
Twoja historia wyników
Nie rozwiązałeś tego quizu